00625nam a22001937a 450000500170000001000140001702000260003103500130005703700130007008200080008310000210009124500840011226000420019627000830023830000210032150000500034265000140039265000250040620100803141626.0 aENG-97983 a9789380388342c995.00 aEN-81516 bDBAD/PUB a370 aMalhotra, Ramesh aRights to education :bfree compulsory education for all /cby Ramesh Malhotra  aNew DelhibDPS Publishing Housec2011 aRoom No. 213, 7/28, Mahavir Street, Ansari Road, Darya GanjbNew Delhie110002 a280p.c22cm (Hb) aIncludes bibliographical references and index aEducation aCompulsory education